000 00347nam a2200121 i 4500
001 bg
245 0 _aKodeks cywilny :
_baktualne teksty, omówienie zmian, skorowidz rzeczowy : stan prawny na dzień 31 sierpień 1992r.
260 _aWarszawa,
_c1992.
040 _cBPK
041 _apol
942 _cKS
008 s pl f |000 0 pol
999 _c29726
_d29726
856 _uhttp://koha.tu.koszalin.pl/cgi-bin/koha/opac-detail.pl?biblionumber=29726
_yKatalog online BPK